| 000 | 00755cam a2200193 4500 | ||
|---|---|---|---|
| 001 | WB3730-10 | ||
| 008 | 010801n2001 000 0 eng u | ||
| 035 | _a(Sirsi) u113879 | ||
| 245 | _aEuropean securitisations hit record | ||
| 260 | _c2001 | ||
| 490 |
_aEstates Gazette _v(0130) 28 July 2001, 41(1) |
||
| 520 | _aThe UK is dominating European securitisations as the market boomed in the 2nd quarter to a record level of $5.7bn. Meanwhile the market for commercial mortgage-backed securities in the US was hit by the economic slowdown. | ||
| 590 | _aWB | ||
| 650 | _aCOMMERCIAL MORTGAGE-BACKED SECURITIES | ||
| 650 | _aPROPERTY SECURITISATION | ||
| 650 | _aEUROPE | ||
| 690 | _aMANAGEMENT-BUSINESS MANAGEMENT-FINANCIAL MANAGEMENT | ||
| 942 | _n0 | ||
| 999 |
_c67852 _d67852 |
||